Word Ladder: Cross Country Quiz Stats

 Plays Quiz Updated Sep 15, 2014

Challenge
Share
Tweet
Embed
Score 0/18 Timer 02:00
0 Plays Today
Clue 4-Letter Word % Correct
Bird's homeNEST
99.1%
US's ____ CoastWEST
97.4%
US's ____ CoastEAST
94.2%
Forget-me-____NOTS
92.7%
Brooklyn teamNETS
90.4%
Untouchable EliotNESS
89.4%
StoryTALE
87.9%
Of relative great heightTALL
86.9%
Lacking colorPALE
86.2%
Clue 4-Letter Word % Correct
Like yesterdayPAST
77.5%
State near neither coastIOWA
74.9%
A feeTOLL
73.3%
A maneuver by a bullfighter with the capaPASE
71.6%
Latin attention drawer: ___ beneNOTA
69.6%
Ninth letter of the Greek alphabetIOTA
69.2%
A basinBOWL
58.2%
A plant podBOLL
54%
Phillies Shortstop LarryBOWA
52.3%

Today's Daily Dose

Missing Word
TV HA - HZ

Word Ladder
Nordic Capital

On This Day
January 19th II

You're not logged in!

Compare scores with friends on all Sporcle quizzes.
OR
Log In

You Might Also Like...

Show Comments

Extras

Top Quizzes Today


Score Distribution

Your Account Isn't Verified!

In order to create a playlist on Sporcle, you need to verify the email address you used during registration. Go to your Sporcle Settings to finish the process.

Report this User

Report this user for behavior that violates our Community Guidelines.

Details: